| 000 | 00496nam a22001817a 4500 | ||
|---|---|---|---|
| 999 |
_c1760 _d1760 |
||
| 008 | 200203b ||||| |||| 00| 0 eng d | ||
| 020 | _a0750616474 | ||
| 041 | 0 | _aeng | |
| 082 | 0 | 0 |
_a623.8503 _bM1454 |
| 100 |
_91279 _aMcGeorge, H. D. |
||
| 245 | 1 | 0 |
_aMarine electrical equipment and practice / _cby H.D. McGeorge |
| 250 | _a2nd ed. | ||
| 260 |
_aNew Delhi: _bNewness, _c1993. |
||
| 300 | _a158 p. | ||
| 490 | 0 | _a(Marine engineering series) | |
| 650 | 0 | _aShips--Electric equipment | |
| 942 | _cBK | ||